Guess The Indian Cities By Their Pictures #2 - Statistics

General Stats
  • This quiz has been taken 58 times
  • The average score is 3 of 15
Answer Stats
Picture Answer % Correct
Kolkata
60%
Hyderabad
45%
Srinagar
43%
Dehradun
26%
Jammu
26%
Patna
23%
Raipur
23%
Ranchi
21%
Thiruvananthapuram
21%
Shillong
19%
Gangtok
11%
Imphal
9%
Amravati
8%
Rampur
4%
Aizwal
0%
No matching quizzes found
Score Distribution
Percent of People with Each Score
Percentile by Number Answered
Your Score History
You have not taken this quiz